Ciencia, tecnología y ambiente /

Đã lưu trong:
Chi tiết về thư mục
Tác giả khác: Rodríguez Durán, Armando (autor) (autor)
Định dạng: Sách
Ngôn ngữ:Tiếng Tây Ban Nha
Được phát hành: México : Thomson, 2002, c2002
Phiên bản:2a edición
Những chủ đề:
Các nhãn: Thêm thẻ
Không có thẻ, Là người đầu tiên thẻ bản ghi này!

MARC

LEADER 00000nam^a2200000^a^4500
001 000151724
005 20250521000000.0
009 20260310100221.332
020 |a 970-686-225-0 
037 |a Acervo ITESO - Biblioteca 
041 |a ESP 
082 |a 500.  |b CIE 
245 0 0 |a Ciencia, tecnología y ambiente /  |c Armando Rodríguez Durán... [et al.]. 
250 |a 2a edición 
264 4 |a México :  |b Thomson,  |c 2002, c2002 
300 |a XVI, 243 p. 
336 |a texto  |b txt  |2 rdacontenido 
337 |a sin mediación  |b n  |2 rdamedio 
338 |a volumen  |b nc  |2 rdasoporte 
649 |a XX 
650 |a Células 
650 |a Digestión 
650 |a Reproducción Humana 
650 |a Reproducción (Biología) 
650 |a Ondas 
650 |a Fuerza y Energía. 
650 |a Materia 
650 |a Tierra 
650 |a Medio Ambiente 
650 |a Tecnología 
650 |a Epistemología 
650 |a Termodinámica 
650 |a Física 
650 |a Biología 
650 |a Química 
650 |a Ciencia -  |x Investigación 
700 |a Rodríguez Durán, Armando  |e (autor) 
910 |a Fondo General 
920 |a Impresos - Libros 
930 |a Colección General 
905 |a 101 
901 |a 0500081488  |b IT1  |c ACC  |u 20250521 
902 |a https://opac.biblio.iteso.mx/vufind/Record/000151724